El hombre Colón : y otros ensayos /

Saved in:
Main Author: Iglesia, Ramón, 1905-1948
Other Authors: Matute, Álvaro (Author of introduction, etc., introducción)
Format: Book
Language:Spanish
Published: México, D. F. Fondo de Cultura Económica, 1986.
Edition:1a ed.
Series:Sección de obras de historia (Fondo de Cultura Económica)
Subjects:
LEADER 02548cam a22004451 4500
001 9742419
003 AR-BeUNQ
005 20250908142051.0
007 ta
008 250908s1986 mx 000 0dspa d
999 |c 38804  |d 122604 
010 |a a 45004063  
035 |a 9742419 
035 |a (OCoLC)597838 
040 |a New York Public library  |c OAU  |d OCoLC  |d CNE  |d OCoLC  |d DLC  |d AR-BeUNQ  |b spa  |e aacr 
050 0 0 |a F1410  |b .I35 
082 |a 907.2  |2 21 
100 1 |a Iglesia, Ramón,  |d 1905-1948  |9 5516 
245 1 3 |a El hombre Colón :  |b y otros ensayos /  |c Ramón Iglesias ; introducción de Álvaro Matute. 
250 |a 1a ed. 
260 |a México, D. F.  |b Fondo de Cultura Económica,   |c 1986. 
300 |a 274 p.  |c 21 cm. 
336 |a text  |b txt  |2 rdacontent 
337 |a unmediated  |b n  |2 rdamedia 
338 |a volume  |b nc  |2 rdacarrier 
490 |a Sección de obras de historia (Fondo de Cultura Económica) 
500 |a Incluye referencias. 
505 0 |a Teoría de la historia -- Izquierdas y derechas en el Congresod de historia de Morelia -- Sobre el estado actual de las ciencias históricas -- La historia y sus limitaciones -- El estado actual de los estudios históricos -- Biografía -- El hombre Colón -- Historiografía -- Dos estudios sobre el mismo tema: I. Bernal Díaz del Castillo y el popularismo en la historiografía española. II. Las críticas de Bernal Díaz del Castillo en la Historia de la conquista de México, de López de Gómara.--Introducción al estudio de Bernal Díaz del Castillo y de su Verdadera historia.--La mexicanidad de don Carlos de Sigüenza y Góngora.--La historia y sus limitaciones.--Sobre el estado actual de las ciencias históricas.--Izquierdas y derechas en el Congreso de historia de Morelia.--Dos apuntes de historiografía medieval castellana: a) Baraja de cuatro crónicas. b) El victorial. La Historia verdadera de Bernal Díaz del Castillo.--Críitica de libros. 
590 |a "Navidad 87. Regalo de Ángeles Soler" 
592 |a Colección Biblioteca Personal Margarita Pierini. 
600 |a Colón, Cristóbal  |d 1451-1506 
650 7 |a Biografías  |2 spines 
650 7 |a Historia moderna  |2 spines 
653 |a Historiografía 
653 |a Historiografía novohispana 
653 |a América colonial 
700 1 |4 aui  |9 5519  |a Matute, Álvaro  |e introducción 
830 0 |9 220  |a Sección de obras de historia (Fondo de Cultura Económica)  |l Español 
929 |a DONACION  |b Biblioteca Personal Margarita Pierini  |d 2000,00  |e 20240503  |f PAT0081759  |g 3745  |h 1  |j 63304 
942 |c LIB  |n 0